00613nam a22002177a 450000500170000001000130001702000220003003500130005203700160006504000120008108200160009310000140010924500880012326000590021127000430027030000230031350000060033665000220034265000160036470000150038020170124110049.0 aA-705194 c00.00a0074621882 aA-705194 bCen Lib/Ret aDPLbEN a657.42bKHA aKhna, M Y aTheory and problem of management and cost accounting /cby M Y Khan [and] P K Jain  aNew DelhibTata macgraw hill publishing company c1994 bNew Delhia 12/4 Asaf ali roade110002 aix,717p.c22cm(Hb) a  aCost management  aAccounting  aJain, P K